| Tag |
First Indicator |
Second Indicator |
Subfields |
| LEADER |
00000cas a2200000 4500 |
| 001 |
in00000242520 |
| 005 |
20151010050504.0 |
| 008 |
750617d18881984mduuu1p s0uuua0eng |
| 022 |
|
|
|a 0096-8676
|
| 035 |
|
|
|a (OCoLC)01395894
|
| 035 |
|
|
|9 ABA9967AM
|
| 040 |
|
|
|a NSD
|c NSD
|d DLC
|d TXA
|d UtOrBLW
|
| 042 |
|
|
|a nsdp
|
| 049 |
|
|
|a TXAE [Also in] [Micro] [film] [S] [2525]
|
| 050 |
|
0 |
|a S71
|b .E2
|
| 110 |
2 |
|
|a Maryland Agricultural Experiment Station.
|
| 222 |
|
0 |
|a Annual report of the University of Maryland, Agricultural Experiment Station
|
| 245 |
1 |
0 |
|a Annual report.
|
| 264 |
|
1 |
|a College Park, Md. [etc.],
|b [publisher not identified] ;
|c 1889-1984.
|
| 300 |
|
|
|a volumes :
|b illustrations, plates, portraits, maps (part folded) ;
|c 23 cm.
|
| 336 |
|
|
|a text
|b txt
|2 rdacontent
|
| 337 |
|
|
|a unmediated
|b n
|2 rdamedia
|
| 338 |
|
|
|a volume
|b nc
|2 rdacarrier
|
| 362 |
0 |
|
|a 1st-
|
| 362 |
1 |
|
|a Ceased with 1984.
|
| 500 |
|
|
|a Report year irregular.
|
| 500 |
|
|
|a Title varies slightly.
|
| 510 |
2 |
|
|a Bibliography of agriculture x 0006-1530
|
| 515 |
|
|
|a 1985 report was never published.
|
| 650 |
|
0 |
|a Agriculture
|z Maryland.
|
| 785 |
0 |
0 |
|a University of Maryland.
|t Annual report, the University of Maryland agricultural programs
|w (OCoLC)18547999
|
| 948 |
|
|
|a T1
|
| 999 |
|
|
|a MARS
|
| 999 |
f |
f |
|s f75e6e24-bb82-3c2c-a4bb-5691dec288bb
|i 1786e979-d0e4-3d2e-8ecd-5ab7b86457a5
|t 0
|
| 952 |
f |
f |
|p ric
|a Texas A&M University
|b Rellis Campus
|c Joint Library Facility
|d Remote Storage
|t 0
|e S71 .E2
|h Library of Congress classification
|i unmediated -- volume
|k 1984
|m A14808414616
|
| 952 |
f |
f |
|p ric
|a Texas A&M University
|b Rellis Campus
|c Joint Library Facility
|d Remote Storage
|t 0
|e S71 .E2
|h Library of Congress classification
|i unmediated -- volume
|k 1983
|m A14808799163
|
| 952 |
f |
f |
|p default
|a Texas A&M University
|b College Station
|c Sterling C. Evans Library
|d Evans: Microforms (3rd floor)
|t 0
|e film S 2525
|h Other scheme
|i unmediated -- volume
|
| 952 |
f |
f |
|p ric
|a Texas A&M University
|b Rellis Campus
|c Joint Library Facility
|d Remote Storage
|t 0
|e S71 .E2
|h Library of Congress classification
|i unmediated -- volume
|k 1982
|m A14806472333
|
| 952 |
f |
f |
|p ric
|a Texas A&M University
|b Rellis Campus
|c Joint Library Facility
|d Remote Storage
|t 0
|e S71 .E2
|h Library of Congress classification
|i unmediated -- volume
|k 1981
|m A14851984279
|
| 998 |
f |
f |
|a film S 2525
|s 1st-83rd (1888-1980)
|t 0
|l Evans: Microforms (3rd floor)
|
| 998 |
f |
f |
|a S71 .E2
|s 1981-1984
|t 0
|l Remote Storage
|